Formula 1: Fathers And Sons - Statistics

General Stats
  • This quiz has been taken 4,454 times
    4,321 since last reset
  • The average score is 19 of 32
Answer Stats
Nationality Driver Active years % Correct
Germany Michael {Schumacher} 1991-2006, 2010-2012
97%
Germany Mick {Schumacher} 2021-2022
97%
Netherlands Jos {Verstappen} 1994–1998, 2000–2001, 2003
96%
Netherlands Max {Verstappen} 2015-
96%
Finland/Germany Keke {Rosberg} 1978-1986
94%
Finland/Germany Nico {Rosberg} 2006-2016
94%
United Kingdom Damon {Hill} 1992-1999
90%
United Kingdom Graham {Hill} 1958-1975
90%
Canada Gilles {Villeneuve} 1977-1982
85%
Canada Jacques {Villeneuve} 1996-2006
85%
Brazil Nelson {Piquet} 1978-1991
85%
Brazil Nelson {Piquet} jr. 2008-2009
85%
Denmark Jan {Magnussen} 1995, 1997-1998
82%
Denmark Kevin {Magnussen} 2014-2020, 2022-
82%
United States Mario {Andretti} 1968-1972, 1974-1982
76%
United States Michael {Andretti} 1993
76%
Australia David & Gary {Brabham} 1990, 1994 & 1990
60%
Australia Jack {Brabham} 1955-1970
60%
United Kingdom Jolyon {Palmer} 2016-2017
51%
United Kingdom Jonathan {Palmer} 1983-1989
51%
Brazil Christian {Fittipaldi} 1992-1994
45%
Brazil Wilson {Fittipaldi} 1972-1973, 1975
45%
Japan Kazuki {Nakajima} 2007-2009
30%
Japan Satoru {Nakajima} 1987-1991
30%
Germany Manfred {Winkelhock} 1980, 1982-1985
23%
Germany Markus {Winkelhock} 2007
23%
West Germany Hans-Joachim {Stuck} 1974-1979
15%
West Germany Hans {Stuck} 1951-1953
15%
United Kingdom Reg {Parnell} 1950-1952, 1954
9%
United Kingdom Tim {Parnell} 1959, 1961, 1963
9%
Belgium André {Pilette} 1951, 1953–1954, 1956, 1961, 1963–1964
5%
Belgium Teddy {Pilette} 1974, 1977
5%
No matching quizzes found
Score Distribution
Percent of People with Each Score
Percentile by Number Answered
Your Score History
You have not taken this quiz since the last reset